Paul Cézanne / (Record no. 139460)

MARC details
000 -LEADER
campo de control de longitud fija 00585nam a2200181 4500
001 - NÚMERO DE CONTROL
campo de control 139460
003 - IDENTIFICADOR DE NÚMERO DE CONTROL
campo de control ES-MaACL
005 - FECHA Y HORA DE LA ÚLTIMA TRANSACCIÓN
campo de control 20230906195818.0
007 - CAMPO FIJO DE DESCRIPCIÓN FÍSICA--INFORMACIÓN GENERAL
campo de control de longitud fija t|
008 - DATOS DE LONGITUD FIJA--INFORMACIÓN GENERAL
campo de control de longitud fija 070214s1959 sp r ||||1| spa d
100 1# - ENTRADA PRINCIPAL--NOMBRE DE PERSONA
Nombre de persona Schapiro, Meyer.
9 (RLIN) 104234
245 10 - MENCIÓN DEL TÍTULO
Título Paul Cézanne /
Mención de responsabilidad, etc. texto de Meyer Schapiro ; traducción de Margarita Fontseré de Petit.
260 ## - PUBLICACIÓN, DISTRIBUCIÓN, ETC.
Lugar de publicación, distribución, etc. Barcelona [etc.] :
Nombre del editor, distribuidor, etc. Labor,
Fecha de publicación, distribución, etc. 1959.
300 ## - DESCRIPCIÓN FÍSICA
Extensión 130 p., 50, 1 lám. col. :
Otras características físicas il. ;
Dimensiones 32 cm.
700 0# - ENTRADA AGREGADA--NOMBRE PERSONAL
Nombre de persona Fontseré, Margarita.
9 (RLIN) 51656
852 ## - LOCALIZACIÓN
Ubicación ES-MaACL
Número de control de estantería F-15358
Sublocalización o colección R.44724
852 ## - LOCALIZACIÓN
Ubicación ES-MaACL
Número de control de estantería C-40908
Sublocalización o colección R.75222
Holdings
Estatus retirado Estado de pérdida Estado de daño No para préstamo Biblioteca de origen Biblioteca actual Ubicación en estantería Fecha de adquisición Fuente de adquisición Total de préstamos Signatura topográfica completa Código de barras Visto por última vez Precio de reemplazo Tipo de ítem Koha
        Biblioteca del Ateneo de Madrid Biblioteca del Ateneo de Madrid Depósito 2 17/01/2008     C-40908 1145132 23/02/2023 23/02/2023 Libro impreso
        Biblioteca del Ateneo de Madrid Biblioteca del Ateneo de Madrid Sala Pecera Planta 2 17/01/2008     F-15358 1145131 23/02/2023 23/02/2023 Libro impreso